Interfirm segregation and the black/white wage gap (Registro nro. 33543)

Detalles MARC
000 -LEADER
fixed length control field 00383 a2200121 4500
001 - CONTROL NUMBER
control field ART_43852
005 - DATE AND TIME OF LATEST TRANSACTION
control field 20260410162026.0
008 - FIXED-LENGTH DATA ELEMENTS--GENERAL INFORMATION
fixed length control field 260409a
100 1# - MAIN ENTRY--PERSONAL NAME
Personal name Carrington, William J.
245 10 - TITLE STATEMENT
Title Interfirm segregation and the black/white wage gap
700 1# - ADDED ENTRY--PERSONAL NAME
Personal name Troske, Kenneth R.
773 0# - HOST ITEM ENTRY
Title Journal of labor economics
Related parts - Vol. 16, Nº 2 (abr. 1998)
Record control number REV43438

No hay ítems disponibles.